00677nam a2200217Ia 4500003000400000005001700004008004100021020001800062040001800080041000800098082002300106100001800129245005700147250001200204260007000216300002700286650003800313650005300351650003400404700002100438OSt20250929111958.0210716s2016 xx 000 0 und d a9789352134045 cAIMIT LIBRARY aeng a005.7681 21bDUNT aDunning, Ted. aReal world hadoop /cTed Dunning and Ellen Friedman. a1st ed. aNew Delhi :bShroff Publishers and Distributors Pvt Ltd ,c2016. axi,88p. ;bPBc23.2 cm aWhat the hadoop ecosystem offers. aDecisions that drive successful hadoop projects. aPrototypical hadoop use cases aFriedman, Ellen.